Superman : (Record no. 8174)
[ view plain ]
| 000 -LEADER | |
|---|---|
| fixed length control field | 01302nam a22003017a 4500 |
| 001 - CONTROL NUMBER | |
| control field | 8174 |
| 003 - CONTROL NUMBER IDENTIFIER | |
| control field | FISKH |
| 005 - DATE AND TIME OF LATEST TRANSACTION | |
| control field | 20250901101808.0 |
| 008 - FIXED-LENGTH DATA ELEMENTS--GENERAL INFORMATION | |
| fixed length control field | 250901b cb ||||| |||| 00| 0 eng d |
| 020 ## - INTERNATIONAL STANDARD BOOK NUMBER | |
| International Standard Book Number | 9781434217257 |
| 040 ## - CATALOGING SOURCE | |
| Original cataloging agency | FISKH |
| Language of cataloging | eng |
| Transcribing agency | FISKH |
| Modifying agency | FISKH |
| 050 ## - LIBRARY OF CONGRESS CALL NUMBER | |
| Classification number | PZ7.S605795 B |
| 082 ## - DEWEY DECIMAL CLASSIFICATION NUMBER | |
| Classification number | 741.5 |
| 100 ## - MAIN ENTRY--PERSONAL NAME | |
| Personal name | Simonson, Louise |
| Dates associated with a name | (1946-) |
| 245 ## - TITLE STATEMENT | |
| Title | Superman : |
| Remainder of title | Bizarro is born! / |
| Statement of responsibility, etc. | Written by Louise Simonson ; Illustrated by Erik Doescher, Mike DeCarlo, and Lee Loughridge |
| 250 ## - EDITION STATEMENT | |
| Edition statement | This edition first published in 2013 |
| 260 ## - PUBLICATION, DISTRIBUTION, ETC. | |
| Place of publication, distribution, etc. | New York : |
| Name of publisher, distributor, etc. | Stone, |
| Date of publication, distribution, etc. | 2013 |
| 300 ## - PHYSICAL DESCRIPTION | |
| Extent | 39 pages : |
| Other physical details | color illustrations ; |
| Dimensions | 20 cm |
| 505 ## - FORMATTED CONTENTS NOTE | |
| Formatted contents note | N<br/> |
| 520 ## - SUMMARY, ETC. | |
| Summary, etc. | Comic and Graphic Books. Juvenile Fiction. Juvenile Literature. Science Fiction. HTML:DAILY PLANET reporter LOIS LANE discovers that the evil LEX LUTHER has created his own super hero�BIZARRO SUPERMAN! The confused creature captures LOIS and sets out on a path of destruction. The real MAN OF STEEL must stop the monster, before it destroys METROPOLIS in a warped pursuit of truth, justice, and the American way.<br/> |
| 521 8# - TARGET AUDIENCE NOTE | |
| Target audience note | 560<br/> |
| Source | Lexile<br/> |
| 521 8# - TARGET AUDIENCE NOTE | |
| Target audience note | N<br/> |
| Source | Raz-Plus<br/> |
| 650 ## - SUBJECT ADDED ENTRY--TOPICAL TERM | |
| Source of heading or term | Fiction |
| Topical term or geographic name entry element | Middle grade |
| 650 ## - SUBJECT ADDED ENTRY--TOPICAL TERM | |
| Source of heading or term | Superheroes |
| 700 ## - ADDED ENTRY--PERSONAL NAME | |
| Personal name | Doescher, Erik |
| Dates associated with a name | illustrator |
| 942 ## - ADDED ENTRY ELEMENTS (KOHA) | |
| Source of classification or shelving scheme | Dewey Decimal Classification |
| Koha item type | Books |
| Suppress in OPAC | No |
| Withdrawn status | Lost status | Source of classification or shelving scheme | Damaged status | Not for loan | Collection | Home library | Current library | Shelving location | Date acquired | Total Checkouts | Full call number | Barcode | Date last seen | Date last checked out | Copy number | Price effective from | Koha item type |
|---|---|---|---|---|---|---|---|---|---|---|---|---|---|---|---|---|---|
| Dewey Decimal Classification | Juvenile Fiction | Footprints International School Library Network Toul Tom Poung Campus | Footprints International School Library Network Toul Tom Poung Campus | TTP Primary Yellow Bookshelves | 09/01/2025 | 1 | SIM 741.5 PZ7.S605795 B | FIS03126 | 10/08/2025 | 09/17/2025 | 1 | 09/01/2025 | Books |
